Las representaciones sociales sobre los niños(as) en situación de calle /

Gorde:
Xehetasun bibliografikoak
Egile nagusia: Urcola, Marcos
Formatua: Texto
Etiketak: Etiketa erantsi
Etiketarik gabe, Izan zaitez lehena erregistro honi etiketa jartzen!

MARC

LEADER 00000 a a2200000 04500
001 43007
003
040
100 |a Urcola, Marcos  
245 |a Las representaciones sociales sobre los niños(as) en situación de calle /  |c Marcos Urcola  
500 |a murcola@hotmail.com  
773 |g volumen15 (2009), páginas 171-186  
999 |c 19582  |d 19582